| 000 | 01099nam0a2200289 4500 | ||
|---|---|---|---|
| 001 | RU\NLR\BIBL_A\012383120 | ||
| 005 | 20250624022754.0 | ||
| 035 | _a(NLR Aleph) 012383120 | ||
| 090 |
_a13301652 _c13301652 |
||
| 100 | _a20201020d1968 |||y0rusy50 ca | ||
| 101 | 0 | _aaze | |
| 102 | _aAZ | ||
| 105 | _ay z 000 y | ||
| 181 | 0 |
_ai _baxxe |
|
| 182 | 0 | _an | |
| 200 | 1 |
_aСизин сағламлығыныз _fВ.С. Һәсәнов, тибб. елм. нам. _gАзәрб.ССР Сәһиjjә наз. Респ. Санитариjа Маарифи еви |
|
| 203 |
_aТекст _bвизуальный _cнепосредственный |
||
| 210 |
_aБакы _cРесп. Санитариjа Маарифи еви _d1968 |
||
| 215 |
_a14,[1] c. _d20 |
||
| 300 | _aБез тит.л., опис. по обл. | ||
| 541 | 1 |
_6z01790 _aВаше здоровье |
|
| 700 | 1 |
_aҺәсәнов _bВ. С. _gВәли Садыг оғлу _4070 |
|
| 790 | 1 |
_6z01541 _aГасанов _bВ. С. _gВели Садых оглы _4070 |
|
| 852 |
_aNLR _bОНЛ _jАзерб./2-14436 |
||
| 942 | _cBOOK | ||
| 980 | _aNB | ||